TV Show Slideshow: Opening Credits Quiz Stats

 Plays Quiz Updated Nov 17, 2014

Also try: TV Taglines
Challenge
Share
Tweet
Score 0/30 Timer 10:00
1 Play Today
% Correct
Friends
98.4%
The Simpsons
98.2%
Family Guy
95.9%
Two and a Half Men
92.8%
Modern Family
90.7%
Breaking Bad
90.4%
The Addams Family
90.3%
How I Met Your Mother
88.3%
The Big Bang Theory
85.7%
Doctor Who
84%
Scrubs
83.1%
Fresh Prince of Bel-Air
82.6%
Full House
78.8%
King of the Hill
78.7%
Gilligan's Island
76.4%
% Correct
The Sopranos
74.3%
SpongeBob SquarePants
72.5%
Dexter
70.1%
Mad Men
66.1%
Game of Thrones
65.2%
Phineas and Ferb
56.6%
The Office (U.S.)
55.4%
Louie
54.8%
The Walking Dead
43.5%
Sherlock
41.7%
Orange Is the New Black
40%
House of Cards
34.6%
Downton Abbey
26.8%
The O.C.
26%
Dallas
21.9%

You're not logged in!

Compare scores with friends on all Sporcle quizzes.
Join for Free
OR
Log In

You Might Also Like...

Show Comments

Extras

Top Quizzes Today


Score Distribution

Your Account Isn't Verified!

In order to create a playlist on Sporcle, you need to verify the email address you used during registration. Go to your Sporcle Settings to finish the process.

Report this User

Report this user for behavior that violates our Community Guidelines.

Details: